| 000 | 00523nam a22001697a 4500 | ||
|---|---|---|---|
| 999 |
_c8659 _d8659 |
||
| 008 | 201209b ||||| |||| 00| 0 eng d | ||
| 040 | _aBMS College of Architecture | ||
| 100 | _aA V, Shruthi | ||
| 245 | _aCricket stadium with recreation facility | ||
| 300 | _a28p. | ||
| 500 | _a1BM12AT065 | ||
| 502 |
_8B,Arch _NBMS College of Architecture, Visvesvaraya Technological University (VTU) _aProject report _d2016 |
||
| 650 | _aNA | ||
| 700 |
_aMamatha P S _eGuide |
||
| 700 |
_aRema Vaidyanthan _eGuide |
||
| 942 |
_2ddc _cTHE |
||